header

Chemistry (Record no. 251321)

MARC details
000 -LEADER
fixed length control field 00213nam a22001097a 4500
020 ## - INTERNATIONAL STANDARD BOOK NUMBER
ISBN 9780070648197
100 ## - MAIN ENTRY--AUTHOR NAME
Personal name Raymond Chang
245 ## - TITLE STATEMENT
Title Chemistry
250 ## - EDITION STATEMENT
Edition statement 9th ed
260 ## - PUBLICATION, DISTRIBUTION, ETC. (IMPRINT)
Year of publication 2010
Place of publication Delhi
942 ## - ADDED ENTRY ELEMENTS (KOHA)
Koha item type Long Loan Books
Holdings
Withdrawn status Lost status Collection code Home library Current library Shelving location Date acquired Full call number Accession Number Koha item type
    Non-fiction Rongo University Library Rongo University Library General Stacks 16/11/2015 QD31.3.C38 2005 20152660 Long Loan Books
    Non-fiction Rongo University Library Rongo University Library General Stacks 27/02/2020 QD31.3.C38 2005 20152667 Long Loan Books

© 2026 Rongo University
Contact us: librarian | system librarian | Rongo university